Statistiques concernant Pays africains se terminant par "ie"

Cliquez ici pour prendre le quiz!

Statistiques générales

  • Ce quiz a été pris 200 fois
    (171 depuis la dernière actualisation)
  • Le résultat moyen est 8 sur 9

Statistiques - réponses

Pays% Correct
Zambie
96%
Algérie
96%
Tunisie
93%
Mauritanie
92%
Namibie
91%
Somalie
91%
Tanzanie
91%
Gambie
90%
Ethiopie
87%

Distribution des résultats

Percentile par nombre de réponses

% des personnes avec chaque résultat

Votre développement - résultats

Vous n’avez pas pris ce quiz depuis la dernière actualisation